An investigation into high school students' motivation and preparation for internet olympiads of English (IOE) contests: A case in Soc Trang province : Master of education. Program: Principles and methods in English language education

Nghiên cứu tìm hiểu động lực nào thúc đẩy học sinh THPT tham gia các vòng thi IOE tự luyện và xem xét lĩnh vực nào mà học sinh THPT cần chuẩn bị trước khi tham gia cuộc thi IOE chính thức

Saved in:
Bibliographic Details
Main Author: Thái, Thị Kim Ngọc
Format: Book
Language:Undetermined
Published: Cần Thơ Trường Đại học Cần Thơ 2017
Subjects:
Tags: Add Tag
No Tags, Be the first to tag this record!
Institutions: Trung tâm Học liệu Trường Đại học Cần Thơ
LEADER 01156nam a2200205Ia 4500
001 CTU_225417
008 210402s9999 xx 000 0 und d
082 |a 428.00712 
082 |b Ng419 
100 |a Thái, Thị Kim Ngọc 
245 3 |a An investigation into high school students' motivation and preparation for internet olympiads of English (IOE) contests: A case in Soc Trang province : 
245 0 |b Master of education. Program: Principles and methods in English language education 
245 0 |c Thái Thị Kim Ngọc ; Lê Xuân Mai (Cán bộ hướng dẫn) 
260 |a Cần Thơ 
260 |b Trường Đại học Cần Thơ 
260 |c 2017 
520 |a Nghiên cứu tìm hiểu động lực nào thúc đẩy học sinh THPT tham gia các vòng thi IOE tự luyện và xem xét lĩnh vực nào mà học sinh THPT cần chuẩn bị trước khi tham gia cuộc thi IOE chính thức 
650 |a Tiếng Anh,English language 
650 |x Dạy và học (Trung học),Study and teaching (Secondary) 
980 |a Trung tâm Học liệu Trường Đại học Cần Thơ